000 00915nam a22002897a 4500
001 BR9000700
003 BR-BrBNA
005 20230928093353.0
007 ta
008 230509b bl.||||| |||| 00| 0 por d
040 _aBR-BrBNA
_bpor
_cBiblioteca Nacional de Agricultura
041 _a(Por)
072 _aH20
_b1000
_b4120
090 _ 1000 BR9000700
100 1 _aFantin, G.M.
110 1 _aEscola Superior de Agricultura Luiz de Queiroz, Piracicaba, SP (Brasil)
_0Dissertacao (Mestre)
245 1 _aCaracterizacao morfologica, fisiologica e patogenica de especies de Elsinoe em citros (Citrus spp)
260 3 _aPiracicaba, SP (Brasil):
_c1988.
300 _a90 p.
500 _a15 illus.; Summaries (Eng, Por); Bibliography p. 81-90 (59 ref.)
650 _aFRUTA CITRICA
650 _aFUNGO
650 _aVERRUGOSE
650 _aSINTOMA
909 _a202309
_bLucia
_c55
_dLucia Elande
942 _cBK
999 _c44603
_d44603